000 00568nam a2200169 i 4500
001 26871
003 ES-MaACL
005 20230906153521.0
007 t|
008 030110s1883 sp ||||1| spa d
100 1 _aArriano, Flavio.
_923278
245 1 0 _aHistoria de las expediciones de Alejandro /
_cpor Flavio Arriano ; Traducida directamente del griego por Federico Baráibar y Zumárraga.
260 _aMadrid :
_b[s.n,
_c1883] (
_fLuis Navarro)
300 _a369 p. ;
_c18 cm.
700 1 _aBaráibar y Zumárraga, Federico.
_925291
852 _aES-MaACL
_jF-13026
999 _c26871
_d26871